|
|
|
|
| LEADER |
00000nam a22000007a 4500 |
| 005 |
20210224223630.0 |
| 007 |
cr|||| |||| |
| 008 |
210224s2018 us |||||s|||| 00||0 eng d |
| 020 |
|
|
|a 9781641053211
|
| 035 |
|
|
|a 31235
|
| 040 |
|
|
|a vLex
|
| 090 |
|
|
|c 11262
|d 11262
|
| 245 |
0 |
0 |
|a ABA Model Guidelines for the Utilization of Paralegal Services
|h [Recurso electrn̤ico] /
|
| 256 |
|
|
|a Servicio en ln̕ea
|
| 260 |
|
|
|a Chicago:
|b American Bar Association,
|c 2018
|
| 300 |
|
|
|a 1 recurso electrn̤ico
|
| 500 |
|
|
|a ABA Model Guidelines for the Utilization of Paralegal Services is intended to encourage lawyers to utilize paralegal services effectively and promote the continued growth of the paralegal profession. The updated publication includes a Table of Contents and Table of Authorities. It is also written in a easier "reader friendly" style.
|
| 506 |
1 |
|
|a Disponible solo en los productos indicados
|d vLex Global
|d vLex Global (Academic Edition, excluding Law Schools)
|d vLex Global (Academic Edition, Law Schools)
|
| 650 |
0 |
4 |
|a Abogados
|z Estados Unidos
|
| 740 |
0 |
|
|a vLex Libros (Servicio en ln̕ea)
|
| 856 |
4 |
0 |
|u http://vlex.com/source/aba-model-guidelines-for-the-utilization-of-paralegal-services-31235
|z Acceso restringido
|
| 942 |
|
|
|c BOOK
|
| 999 |
0 |
|
|a Lawyers
|